| 000 | 00883nam a2200217 a 4500 | ||
|---|---|---|---|
| 003 | AM-YeHGA | ||
| 040 | _aAM-YeHGA | ||
| 090 | _c186864 | ||
| 001 | 000501199 | ||
| 005 | 20250618072651.0 | ||
| 008 | 060925s1919 ||||||||||||||||||||arm|c | ||
| 041 | 0 | _aarm | |
| 100 | 1 |
_aՀայկունի, Գուրգեն Սարգսի, _d1889-1966 _91407 |
|
| 245 | 1 | 0 |
_aՊրօլետարական յեղափոխութիւնը եւ Արմէնիայի բօլշեւիկները / _cԳ. Հայկունի. |
| 246 | 1 | 1 | _aПролетарская революция и большевики Армении |
| 260 |
_aՄօսկւա : _bՀԿԿ հրատ., _c1919. |
||
| 300 |
_a36 էջ ; _c22 սմ. |
||
| 440 | 0 |
_aՀայաստանի կօմունիստական կուսակցութիւն _v№ 16 |
|
| 650 | 1 | 4 |
_aԿոմունիստական կուսակցություն _zՀայաստան _95713 |
| 942 |
_2udc _cBK |
||
| 999 |
_c185406 _d185406 |
||